<?xml version="1.0" encoding="UTF-8"?><marc:collection xmlns:marc="http://www.loc.gov/MARC21/slim">
  <marc:record>
    <marc:leader>00000nam  2200000za 4500</marc:leader>
    <marc:controlfield tag="001">9.574566</marc:controlfield>
    <marc:controlfield tag="003">CaOODSP</marc:controlfield>
    <marc:controlfield tag="005">20250808102812</marc:controlfield>
    <marc:controlfield tag="007">cr |||||||||||</marc:controlfield>
    <marc:controlfield tag="008">150406|1995||||xxc|||||o    f|0| 0 eng d</marc:controlfield>
    <marc:datafield tag="022" ind1=" " ind2=" ">
      <marc:subfield code="a">1205-9153</marc:subfield>
    </marc:datafield>
    <marc:datafield tag="040" ind1=" " ind2=" ">
      <marc:subfield code="a">CaOODSP</marc:subfield>
      <marc:subfield code="b">eng</marc:subfield>
    </marc:datafield>
    <marc:datafield tag="043" ind1=" " ind2=" ">
      <marc:subfield code="a">n-cn---</marc:subfield>
    </marc:datafield>
    <marc:datafield tag="086" ind1="1" ind2=" ">
      <marc:subfield code="a">CS11-0019/78E-PDF</marc:subfield>
    </marc:datafield>
    <marc:datafield tag="100" ind1="1" ind2=" ">
      <marc:subfield code="a">Baldwin, John R. </marc:subfield>
      <marc:subfield code="q">(John Russel)</marc:subfield>
    </marc:datafield>
    <marc:datafield tag="245" ind1="0" ind2="0">
      <marc:subfield code="a">Restructuring in the Canadian manufacturing sector from 1970 to 1990 : </marc:subfield>
      <marc:subfield code="h">[electronic resource]</marc:subfield>
      <marc:subfield code="b">industry and regional dimensions of job turnover / </marc:subfield>
      <marc:subfield code="c">by John R. Baldwin and Mohammed Rafiquzzaman. </marc:subfield>
    </marc:datafield>
    <marc:datafield tag="260" ind1=" " ind2=" ">
      <marc:subfield code="a">Ottawa - Ontario : </marc:subfield>
      <marc:subfield code="b">Statistics Canada </marc:subfield>
      <marc:subfield code="c">July 1995.</marc:subfield>
    </marc:datafield>
    <marc:datafield tag="300" ind1=" " ind2=" ">
      <marc:subfield code="a">63p.</marc:subfield>
      <marc:subfield code="b">references, tables</marc:subfield>
    </marc:datafield>
    <marc:datafield tag="490" ind1="1" ind2=" ">
      <marc:subfield code="a">Analytical Studies Branch research paper series</marc:subfield>
      <marc:subfield code="x">1205-9153</marc:subfield>
      <marc:subfield code="v">No. 78</marc:subfield>
    </marc:datafield>
    <marc:datafield tag="500" ind1=" " ind2=" ">
      <marc:subfield code="a">The catalogue number (11F0019MPE) and ISBN (0-662-21728-4) for the print edition have been incorrectly copied in this electronic publication.</marc:subfield>
    </marc:datafield>
    <marc:datafield tag="520" ind1="3" ind2=" ">
      <marc:subfield code="a">This paper investigates the dynamics of job reallocation in the manufacturing sector of Canada. It does so by examining the pattern and magnitude of job gain, job loss, and total job turnover due to growth and decline of some firms, and entry and exit of other firms. It also investigates how the effect of cyclical as opposed to structural influences on job turnover have changed over time. Finally, the paper investigates whether the pattern and magnitude of job turnover differ across industries and across regions, and whether the differences are either caused by differences in cyclical sensitivity of job creation and job destruction or in the extent to which restructuring is taking place.--Abstract</marc:subfield>
    </marc:datafield>
    <marc:datafield tag="590" ind1=" " ind2=" ">
      <marc:subfield code="a">12-34-Supp</marc:subfield>
      <marc:subfield code="b">2012-07-31</marc:subfield>
    </marc:datafield>
    <marc:datafield tag="690" ind1="0" ind2="7">
      <marc:subfield code="a">Manufacturing industry</marc:subfield>
      <marc:subfield code="2">gcpds</marc:subfield>
    </marc:datafield>
    <marc:datafield tag="710" ind1="2" ind2=" ">
      <marc:subfield code="a">Statistics Canada.</marc:subfield>
    </marc:datafield>
    <marc:datafield tag="775" ind1="0" ind2="8">
      <marc:subfield code="t">Restructuration du secteur manufacturier canadien de 1970 à 1990 : </marc:subfield>
      <marc:subfield code="w">(CaOODSP)9.604308</marc:subfield>
    </marc:datafield>
    <marc:datafield tag="776" ind1="0" ind2="#">
      <marc:subfield code="t">Restructuring in the Canadian manufacturing sector from 1970 to 1990 : </marc:subfield>
      <marc:subfield code="w">(CaOODSP)9.612514</marc:subfield>
    </marc:datafield>
    <marc:datafield tag="830" ind1="#" ind2="0">
      <marc:subfield code="a">Research paper series (Statistics Canada. Analytical Studies Branch)</marc:subfield>
      <marc:subfield code="x">1205-9153</marc:subfield>
      <marc:subfield code="v">No. 78</marc:subfield>
      <marc:subfield code="w">(CaOODSP)9.504421</marc:subfield>
    </marc:datafield>
    <marc:datafield tag="856" ind1="4" ind2="0">
      <marc:subfield code="a">http://publications.gc.ca</marc:subfield>
      <marc:subfield code="q">PDF</marc:subfield>
      <marc:subfield code="s">244 Ko</marc:subfield>
      <marc:subfield code="u">https://publications.gc.ca/collections/Collection/CS11-0019-78E.pdf</marc:subfield>
      <marc:subfield code="y">No. 78</marc:subfield>
    </marc:datafield>
  </marc:record>
</marc:collection>
